World's Most Densely Populated Major Cities (no hints) - Statistics

General Stats
  • This quiz has been taken 41 times
  • The average score is 5 of 16
Answer Stats
Density City % Correct
26,000 Mumbai
84%
25,700 Hong Kong
74%
45,700 Dhaka
66%
23,300 Karachi
58%
20,300 Kinshasa
39%
18,300 Chittagong
37%
26,300 Hyderabad (Pakistan)
34%
21,900 Ahmedabad
24%
17,100 Dakar
24%
25,500 Surat
21%
16,300 Pyongyang
18%
16,600 Alexandria
13%
17,300 Bogota
13%
16,300 Medellin
13%
26,800 Mogadishu
8%
17,700 Davao
0%
No matching quizzes found
Score Distribution
Percent of People with Each Score
Percentile by Number Answered
Your Score History
You have not taken this quiz